[Event "Dortmund-ch"]
[Site "Dortmund"]
[Date "2005.03.08"]
[Round "5"]
[White "Krueger, Sven"]
[Black "Ludwig, Erwin"]
[Result "1-0"]
[WhiteElo "1233"]
[BlackElo "1437"]
[PlyCount "48"]
[EventDate "2005.02.28"]
[EventType "swiss"]
[EventRounds "9"]
[EventCountry "GER"]
[SourceTitle "CBM 105 Extra"]
[Source "ChessBase"]
[SourceDate "2005.05.01"]
[SourceVersion "1"]
[SourceVersionDate "2005.05.01"]
[SourceQuality "1"]

1. e4 d6 2. d4 g6 3. c4 Bg7 4. Nc3 Nf6 5. Bg5 0-0 6. Qd2 Nbd7 7. Bh6 c5 8. Bxg7 Kxg7 9. d5 b6 10. Bd3 Ne5 11. Nge2 Ba6 12. b3 Bc8 13. f4 Nxd3+ 14. Qxd3 e6 15. h3 Re8 16. 0-0-0 e5 17. Rdf1 Bd7 18. Qg3 a6 19. Rf2 b5 20. Rhf1 b4 21. fxe5 Nh5 22. Rxf7+ Kg8 23. Qe3 bxc3 24. Qh6 Ng7 1-0